000 00449nam a2200169 a 4500
001 000035888
005 20240226143342.0
008 111115s2011 dr 000 0 spa d
020 _a9789945164053
040 _aDO-SdBNP
_bspa
_cBNPHU
082 _axxxx
_bM296p
100 1 _aMañón, Melvin
_910427
245 1 0 _aPara que me conozcan /
_cMelvin Mañon.
260 _aSanto Domingo :
_bBúho,
_c2011.
300 _a246 p. ;
_c21 cm.
049 _aBNPD
999 _c35379
_d35379